000 00433nam a2200169Ia 4500
003 GCL
008 140319s9999 xx 000 0 ara d
040 _aGCL /
_cGCL
082 0 4 _a508.9
_bب ع
245 1 0 _aالعلم فى عالم متغير
300 _a148
490 _aالالف كتاب
_v0
650 0 4 _aالطاقة الذرية
650 0 4 _aالبنسلين
650 0 4 _aالعلوم - تاريخ
942 _2ddc
_cBK
999 _c43061
_d43061